| 000 | 00713nam a22002177a 4500 | ||
|---|---|---|---|
| 003 | OSt | ||
| 005 | 20161004165154.0 | ||
| 008 | 161004s2016 spc|||||||||||||| ||spa|d | ||
| 020 | _a9788491163930 | ||
| 040 |
_bcat _cCDMR |
||
| 100 | 1 | _aMarqués Pascual, Joaquín | |
| 245 | 1 | 0 |
_aPolítica y propaganda _b: medios de comunicación y opinión pública _cJoaquín Marqués ; prólogo de Agustí de Uribe-Salazar |
| 260 |
_aBarcelona : _bUOC, _c2016 |
||
| 300 |
_a276 p. ; _c24 cm |
||
| 504 | _aBibliografia | ||
| 650 | 7 |
_aPublicitat política _2lemac |
|
| 650 | 0 | 7 |
_aPropaganda _2lemac _93177 |
| 650 | 0 | 7 |
_aMitjans de comunicació de massa _2lemac _9405 |
| 650 | 0 | 7 |
_aOpinió pública _2lemac _92537 |
| 942 |
_cMON _2udc |
||
| 999 |
_c6965 _d6965 |
||